| 000 | 00522nam a22001937a 4500 | ||
|---|---|---|---|
| 005 | 20240502085741.0 | ||
| 008 | 240502b |||||||| |||| 00| 0 eng d | ||
| 020 | _a9788123923413 | ||
| 082 |
_a612 _bSHA-E |
||
| 100 | _aSharma V N | ||
| 245 |
_aEssentials of Pharmacology : _bBasic principles and general concepts |
||
| 250 | _a4th ed. | ||
| 260 |
_aindia : _bCBS : _c2013. |
||
| 300 |
_axvi,838p. _bill ; _c24. |
||
| 500 | _ainclude index . | ||
| 650 | _aMedical / Pharmacology | ||
| 700 | _aSharma V N | ||
| 999 |
_c35647 _d35647 |
||